| 000 | 00688cam a2200181ua 4500 | ||
|---|---|---|---|
| 041 |
_aeng _h |
||
| 082 |
_a822 _bDAN/TH |
||
| 100 | _aDane, Clemens . | ||
| 110 | 1 |
_a . _b _c() |
|
| 245 |
_aThree one-act plays / _cClemence Dane. _hTextual Documents |
||
| 260 |
_aLondon : _bLongman , _c1965. |
||
| 300 | _a62 ; . | ||
| 504 | _a | ||
| 700 | 1 | _aBell, J J . | |
| 700 | 1 | _aDix , Beulah Marie . | |
| 942 | _cBK | ||
| 999 |
_c4429 _d4429 |
||